| 000 | 00536 a2200169 4500 | ||
|---|---|---|---|
| 999 |
_c5268 _d5268 |
||
| 010 | _aENG-86800 | ||
| 020 |
_c595.00 _a8131301656 |
||
| 035 | _aEN-70333 | ||
| 037 | _bDBAD / PUB | ||
| 082 | 0 | 0 | _a371.122 |
| 245 | 1 | 0 |
_aGlobal trends in teacher education / _ced. by N. Ramnath Kishan |
| 260 |
_aNew Delhi _bA P H Publishing _c2007 |
||
| 270 |
_a5, Ansari Road, Darya Ganj _bNew Delhi _maphbooks@vsnl.net _e110 002 |
||
| 300 |
_axi, 218p _c21 cm (Hb) |
||
| 700 | _aN. Ramnath Kishan | ||
| 942 |
_adpl _cEN _2ddc _h371.122 _mGLO |
||